Music Artists by Song - K - Statistics

General Stats
  • This quiz has been taken 112 times
    83 since last reset
  • The average score is 10 of 21
Answer Stats
Songs Artist % Correct
Mr Brightside / Somebody Told Me / When You Were Young The Killers
88%
Timber / TiK ToK / Die Young Kesha
87%
Last Friday Night (T.G.I.F) / The One That Got Away / Hot N Cold Katy Perry
80%
Since U Been Gone / Stronger (What Doesn't Kill You) / Because of You Kelly Clarkson
78%
Running Up That Hill / Army Dreamers / Wuthering Heights Kate Bush
77%
I Was Made For Lovin' You / Rock And Roll All Nite / Detroit Rock City KISS
72%
Not Like Us / Money Trees / United In Grief Kendrick Lamar
68%
Sex on Fire / Use Somebody / Pyro Kings of Leon
62%
Dust in the Wind / Carry on Wayward Son / Play the Game Tonight Kansas
57%
Flashing Lights / Heartless / I Wonder Kanye West
52%
lovely / Eastside / Young Dumb & Broke Khalid
45%
Can't Get You out of My Head / Padam Padam / In Your Eyes Kylie Minogue
43%
Freak On a Leash / Coming Undone / Blind Korn
38%
NIGHTS LIKE THIS / STAY / I know love The Kid LAROI
35%
Ruby / I Predict A Riot / Everyday I Love You Less And Less Kaiser Chiefs
30%
Jump / Warm It Up / Tonite's tha Night Kris Kross
30%
telepatia / Moonlight / After The Storm Kali Uchis
20%
Way down We Go / All the Pretty Girls / No Good KALEO
18%
Blue Ain't Your Color / Somebody Like You / Long Hot Summer Keith Urban
7%
Popular / For Good / Evil Like Me Kristin Chenoweth
7%
Area Codes / MMM MMM / Flush Em Kaliii
5%
No matching quizzes found
Score Distribution
Percent of People with Each Score
Percentile by Number Answered
Your Score History
You have not taken this quiz since the last reset